000 00555nam a2200205 i 4500
001 187770
003 ES-MaACL
005 20230906223026.0
007 t|
008 180220q19301939it r ||||1| ita d
080 _a821.131.1-32"19"
100 1 _aPirandello, Luigi.
_992338
245 1 3 _aLa mosca /
_cLuigi Pirandello.
260 _aMilano :
_bA. Mondadori,
_c[193?]
300 _aVI, 284 p. ;
_c19 cm.
490 1 _aNovelle per un anno ;
_v5
830 0 _aNovelle per un anno ;
_v5
_9192821
852 _aES-MaACL
_jA-2214
999 _c187770
_d187770